Agricultural workers, credit rationing and family networks in rural Mexico (Record no. 108926)

000 -LEADER
fixed length control field 00537pab a2200181 454500
008 - FIXED-LENGTH DATA ELEMENTS--GENERAL INFORMATION
fixed length control field 180718b2015 xxu||||| |||| 00| 0 eng d
100 ## - MAIN ENTRY--PERSONAL NAME
Personal name Bouquet, Emmanuelle
245 ## - TITLE STATEMENT
Title Agricultural workers, credit rationing and family networks in rural Mexico
260 ## - PUBLICATION, DISTRIBUTION, ETC.
Date of publication, distribution, etc. 2015
300 ## - PHYSICAL DESCRIPTION
Extent p.523-537.
362 ## - DATES OF PUBLICATION AND/OR SEQUENTIAL DESIGNATION
Dates of publication and/or sequential designation May
650 ## - SUBJECT ADDED ENTRY--TOPICAL TERM
Topical term or geographic name entry element Agricultural workers - Mexico
650 ## - SUBJECT ADDED ENTRY--TOPICAL TERM
Topical term or geographic name entry element Agricultural workers
700 ## - ADDED ENTRY--PERSONAL NAME
Personal name Rodriguez- Solis, Gerardo
700 ## - ADDED ENTRY--PERSONAL NAME
Personal name Morvant- Roux, Solene
773 ## - HOST ITEM ENTRY
Main entry heading Journal of Development Studies
909 ## -
-- 108931
Holdings
Withdrawn status Lost status Damaged status Not for loan Permanent Location Current Location Date acquired Serial Enumeration / chronology Barcode Date last seen Price effective from Koha item type
        Indian Institute of Public Administration Indian Institute of Public Administration 2018-07-19 Volume no: 51, Issue no: 5 AR109391 2018-07-19 2018-07-19 Articles

Powered by Koha